|
|
|
|
| LEADER |
00000nam a22000007a 4500 |
| 005 |
2012061809069.0 |
| 007 |
cr|||| |||| |
| 008 |
120618s2011 pe |||||s|||| 00||0 spa d |
| 020 |
|
|
|a 978-612-4047-54-1
|
| 035 |
|
|
|a 6496
|
| 040 |
|
|
|a vLex
|
| 090 |
|
|
|c 3196
|d 3196
|
| 100 |
1 |
|
|a Salinas Mendoza, Diego
|
| 245 |
1 |
0 |
|a Terminacin̤ anticipada del nuevo Proceso Penal Peruano
|h [Recurso electrn̤ico] :
|b Estructura y Funcin̤ /
|c Diego Salinas Mendoza
|
| 256 |
|
|
|a Servicio en ln̕ea
|
| 260 |
|
|
|a Lima :
|b Editorial Palestra,
|c 2011
|
| 300 |
|
|
|a 1 recurso electrn̤ico
|
| 506 |
1 |
|
|a Contenido solo disponible en los productos indicados
|d vLex Global
|d vLex Global (Academic Edition, excluding Law Schools)
|d vLex Global (U.S. Academic Edition, Law Schools)
|d vLex Global (U.S. Academic Edition, excluding Law Schools)
|d vLex Global (Academic Edition, Law Schools)
|
| 650 |
0 |
4 |
|a Procedimiento penal
|z Per︢
|
| 740 |
0 |
|
|a vLex Libros (Servicio en ln̕ea)
|
| 856 |
4 |
0 |
|u http://vlex.com/source/terminacion-anticipada-nuevo-proceso-penal-peruano-6496
|z Acceso restringido
|
| 942 |
|
|
|c BOOK
|
| 999 |
0 |
|
|a Criminal procedure
|